000 00862nas a2200253Ia 4500
001 R238/45831
003 IT-RoPAU
008 151124c99999999xx |||||||||||| ||und||
040 _aIT-RoPAU
040 _cIT-RoPAU
041 _aITALIANO
100 _aPomian Krzysztof
_gCodice Aut. SPICS: 46758
210 _aILLUSTRAZIONE ITALIANA (L')
222 _aIllustrazione Italiana (L')
245 _aILLUSTRAZIONE ITALIANA (L'), ANNO 02-N.08 (DIC.1982/GE.1983)
_bCrisi Del Futuro (La)
250 _a1a ed.
260 _aMILANO
_bGUANDA
_c1982
501 _bPaulus - SPICS - Società San Paolo EM (non-commercial uses only)
_cCopyright2015
300 _a7 p. [34-40]
362 _aANNO 002, N.08 (DIC.1982/GE.1983)
500 _aTrasformazioni Sociali, Politiche e Culturali.
650 _aCOMUNICAZIONE - FOTOGRAFIA
_vPUBBLICAZIONE PERIODICA
942 _cCR
999 _c112366
_d112366